Политическая экономия. Вып. 1: [Предмет политической экономии (Запись № 5629157)

Подробности
000 -МАРКЕР
контрольное поле 01795nam2a2200277 4500
001 - ИДЕНТИФИКАТОР ЗАПИСИ
контрольное поле rc\2833479
005 - ИДЕНТИФИКАТОР ВЕРСИИ
контрольное поле 20250529201627.0
035 ## - ДРУГИЕ СИСТЕМНЫЕ НОМЕРА
Идентификатор записи (NLR Aleph) 006991339
100 ## - ДАННЫЕ ОБЩЕЙ ОБРАБОТКИ
Данные общей обработки 20110626d1931 |||y0rusy50 ca
101 0# - ЯЗЫК РЕСУРСА
Язык текста, звукозаписи и т.д. русский
102 ## - СТРАНА ПУБЛИКАЦИИ ИЛИ ПРОИЗВОДСТВА
Страна публикации Российская Федерация
105 ## - ПОЛЕ КОДИРОВАННЫХ ДАННЫХ: ТЕКСТОВЫЕ МАТЕРИАЛЫ, МОНОГРАФИЧЕСКИЕ
Кодированные данные о монографическом текстовом документе y j 000yy
200 1# - ЗАГЛАВИЕ И СВЕДЕНИЯ ОБ ОТВЕТСТВЕННОСТИ
Основное заглавие [Предмет политической экономии
Первые сведения об ответственности С. Палчков]
210 ## - ПУБЛИКАЦИЯ, РАСПРОСТРАНЕНИЕ И ДР.
Дата издания, распространения и т.д. 1931
Имя изготовителя отп. в 7-й тип. "Искра Революции"
Место издания, распространения и т.д. Б. м.
215 ## - ФИЗИЧЕСКАЯ ХАРАКТЕРИСТИКА
Специфическое обозначение материала и объем 31, [1] с.
320 ## - ПРИМЕЧАНИЯ О НАЛИЧИИ В ДОКУМЕНТЕ БИБЛИОГРАФИИ / УКАЗАТЕЛЯ
Текст примечания Библиогр.: с. 32 (2 назв.) и в конце лит. ст.
461 #0 - УРОВЕНЬ НАБОРА
Встроенное поле 001rc\2833478
-- 2001#$aПолитическая экономия$e[учебно-методическое пособие для заочных совпартшкол и комсомольских университетов и для самообразования]$fИнститут массового заочного обучения партактива при ЦК ВКП(б)$vВып. 1
Системный номер (АБИС) связанной записи 5629150
Автор Институт массового заочного обучения партактива (Москва)
Место публикации [Москва]
Дата публикации 1931-1932
Первые сведения об ответственности Институт массового заочного обучения партактива при ЦК ВКП(б)
Имя издателя, распространителя и т.д. ОГИЗ
Сведения, относящиеся к заглавию [учебно-методическое пособие для заочных совпартшкол и комсомольских университетов и для самообразования]
Заглавие Политическая экономия
Номер тома Вып. 1
702 #1 - ИМЯ ЛИЦА - ВТОРИЧНАЯ ОТВЕТСТВЕННОСТЬ
Начальный элемент ввода Палчков
Часть имени, кроме начального элемента ввода С.
Код отношения Составитель
801 #0 - ИСТОЧНИК ЗАПИСИ
Страна Российская Федерация
Организация NLR
Правила каталогизации psbo
801 #1 - ИСТОЧНИК ЗАПИСИ
Страна Российская Федерация
Организация ELAR
Источник данных rusmarc
852 ## - МЕСТОНАХОЖДЕНИЕ И ШИФР ХРАНЕНИЯ
Идентификатор организации NLR
Шифр хранения (Call Number) 32-18/743(1)
942 ## - ДОПОЛНИТЕЛЬНЫЕ ЭЛЕМЕНТЫ ЗАПИСИ (АБИС)
Тип экземпляра АБИС Книга
980 ## - КОЛЛЕКЦИЯ
Название коллекции Национальная библиография
Экземпляры
Тип экземпляра Дата поступления Библиотека постоянного хранения Библиотека текущего хранения Место хранения Шифр хранения Штрих-код Статус экземпляра
Книга 26.10.2013 РНБ (Садовая) РНБ (Садовая) Русский книжный фонд -Главное здание, Ленинский читальный зал 32-17/743(1) 6991339-10